| 000 | 00562cam a22001577a 4500 | ||
|---|---|---|---|
| 008 | 180718b2013 xxu||||| |||| 00| 0 eng d | ||
| 020 | _a9781579228194 | ||
| 082 | _aP8x73 W651 | ||
| 100 | _aWilliams, Damon A. | ||
| 245 |
_aStrategic diversity leadership : activating change and transformation in higher education _cby Damon A. Williams |
||
| 260 |
_aVirginia _bStylus _c2013 |
||
| 300 | _a481p. | ||
| 650 | _aEducational equalization--United States | ||
| 650 | _aEducational leadership--United States | ||
| 650 | _aMinorities--Education (Higher)--United States | ||
| 999 |
_c445184 _d445184 |
||